000 01772nam0a2200421 4500
001 RU\NLR\BIBL_A\012186229
005 20241103123937.0
010 _a9785932555620
_91000
021 _aRU
_b2019-96980
_9КН-П-7118
035 _a(RuMoRGB)010206816
035 _a(NLR Aleph) 012186229
090 _a12292249
_c12292249
100 _a20200124d2020 k y0rusy50 ca
101 1 _arus
_ceng
102 _aRU
105 _aac||zzzz0|||y
181 0 _ai
_baxxe
182 0 _an
200 1 _aФилософия права
_dPhilosophy of law
_eкраткое введение
_fРаймонд Уакс
_gперевод с английского Сергея Моисеева
_zeng
203 _aТекст
_bвизуальный
_cнепосредственный
210 _aМосква
_cИзд-во Института Гайдара
_d2020 [т.е 2019]
215 _a169, [1] с.
_cил., портр.
_d22
225 1 _aФилософия права
300 _aАвт. также на англ. яз.: Raymond Wacks
300 _aНа клапане суперобл. авт.: засл. проф. права и теории права Р.Уакс
300 _aФактическая дата выхода в свет - 2019
320 _aБиблиогр. в конце гл. и в подстроч. примеч.
320 _aДр. работы авт. на клапане суперобл.
510 1 _6z22790
_aPhilosophy of law
_zeng
606 _aПраво
_xФилософские вопросы
_91953911
_3RU\NLR\AUTH\66893976
686 1 _aЮ252
_bХ
686 1 _aХ082.2,0
700 1 _aУакс
_bР.
_gРаймонд
790 1 _6z22510
_aWacks
_bR.
_gRaymond
942 _cBOOK
980 _aNBR